| 000 | 00486nam a2200181Ia 4500 | ||
|---|---|---|---|
| 008 | 240925s9999 xx 000 0 und d | ||
| 020 | _a8177221485 | ||
| 082 | _a006.6 MCF | ||
| 100 | _aMcFarland, Jon | ||
| 245 | 0 | _a3Ds Max 4: in depth | |
| 250 | _aNA | ||
| 260 |
_aNew Delhi: _bDream Teach Press _c,2001. |
||
| 300 |
_axxiii,904p. _bNA _fOriginal |
||
| 500 | _aIncludes Index | ||
| 600 | _aComputer Science | ||
| 650 | _aComputer science, information & general works | ||
| 942 | _cBK | ||
| 999 |
_c6666 _d6666 |
||